000 01315nam a2200373 c 4500
003 BLK
005 20240419090437.0
008 180410b bul|||||r ||||||| ||bul||
010 _aKNG00154030000
020 _a978-954-409-326-6
_bиздат.: Плеяда
040 _aBLK
041 _aBUL
_cBUL
072 7 _2bullib
_aН8301
_xТрилъри Н
080 _aАмериканска литература (на САЩ)
_b821.111(73)
_x-312.4
_z821.111(73)-312.4
100 1 _aХосп, Дейвид
_eпърви автор
_9137591
700 1 _aНинов, Петър
_eпрев. от англ.
_9367139
139 _aХосп, Дейвид
_bХ 69
245 1 0 _aНевинност
_bРоман
_cДейвид Хосп; прев. от англ. Петър Нинов.
257 _aUSA
260 София
_bПлеяда
_c2013
300 _a384 с.
_c20 см
380 _aX
490 1 _aСветовен трилър
500 _aОриг. загл. Innocence / Richard David Hosp.
653 _aтрилъри
653 _aромани
659 _aН
852 _aЦб 266861
856 4 _qpdf
_u
856 4 _qpdf
_u
942 _cKNG
_n0
_033
944 _aCR
_c29.11.2013
_lЦветомила Тодорова
_k30576
944 _aED
_c09.03.2015
_lф /
_kПенка_Димитрова
999 _c147812
_d147812